| 000 | 00738nam a2200253 a 4500 | ||
|---|---|---|---|
| 001 | 60342 | ||
| 003 | BD-RjUL | ||
| 005 | 20211209080828.0 | ||
| 008 | 161230s1960 maua 001 0 eng | ||
| 035 | _a(BD-RjUL) 60466 | ||
| 035 | _a(BD-RjUL) | ||
| 040 |
_aDLC _cTxU-Da _dNcRS _dUk _dDLC _dBD-RjUL _beng |
||
| 041 | _aeng | ||
| 082 |
_a371.710973 _223 _bANS 1960 |
||
| 100 | 1 |
_aAnderson, C. L. _q(Carl Leonard), _d1901- _9179581 |
|
| 245 | 1 | 0 |
_aSchool health practice. / _cC. L.Anderson, |
| 250 | _a2d ed. | ||
| 260 |
_aSt. Louis : _bMosby, _c1960. |
||
| 300 |
_a530 p. : _bill. ; _c25 cm. |
||
| 500 | _aIncludes index | ||
| 650 | 0 |
_aSchool hygiene. _zUnited States _9179582 |
|
| 650 | 0 |
_aSchool health services _9179583 |
|
| 942 |
_2ddc _cBK |
||
| 999 |
_c60342 _d60342 |
||